000 00657nam a2200241Ia 4500
003 OSt
005 20221007101152.0
006 a|||||r|||| 00| 0
007 ta
008 221006b |||||||| |||| 00| 0 eng d
024 _a5,954
037 _cTextual
040 _aLCO
_cLCO
_beng
041 _2eng
_aeng
082 _aV1:2:(Z)y7, L2
100 _aFRIEDELBAUM STANLEY H
_9702675
245 0 _aContemporary Constitutional Law.
260 _aN.
_bY. Houghton Mifflin Co.
_c1972
300 _a1023
650 _aCONSTITUTION LAW
_9695857
942 _hV1:2:(Z)y7, L2
_cTEXL
999 _c1175517
_d1175517